| 000 -LEADER |
| fixed length control field |
01372cam a2200433Ia 4500 |
| 001 - CONTROL NUMBER |
| control field |
8585974 |
| 003 - CONTROL NUMBER IDENTIFIER |
| control field |
OSt |
| 005 - DATE AND TIME OF LATEST TRANSACTION |
| control field |
20180116192433.0 |
| 008 - FIXED-LENGTH DATA ELEMENTS--GENERAL INFORMATION |
| fixed length control field |
110207s2011 ja a 000 0 eng d |
| 020 ## - INTERNATIONAL STANDARD BOOK NUMBER |
| International Standard Book Number |
9784871404280 (pbk.) |
| 020 ## - INTERNATIONAL STANDARD BOOK NUMBER |
| International Standard Book Number |
4871404285 (pbk.) |
| 035 ## - SYSTEM CONTROL NUMBER |
| System control number |
(OCoLC)ocn705930158 |
| 035 ## - SYSTEM CONTROL NUMBER |
| System control number |
(OCoLC)ocn700920448 |
| 035 ## - SYSTEM CONTROL NUMBER |
| System control number |
(OCoLC)700920448 |
| 035 ## - SYSTEM CONTROL NUMBER |
| System control number |
(OCoLC)705930158 |
| 035 ## - SYSTEM CONTROL NUMBER |
| System control number |
(NNC)8585974 |
| 040 ## - CATALOGING SOURCE |
| Original cataloging agency |
ILU |
| Transcribing agency |
ILU |
| Modifying agency |
ILU |
| 041 0# - LANGUAGE CODE |
| Language code of text/sound track or separate title |
engjpn |
| 043 ## - GEOGRAPHIC AREA CODE |
| Geographic area code |
a-ja--- |
| 050 #4 - LIBRARY OF CONGRESS CALL NUMBER |
| Classification number |
NA1559.S38 |
| Item number |
A4 2011 |
| 082 ## - DEWEY DECIMAL CLASSIFICATION NUMBER |
| Classification number |
720.92 |
| 100 1# - MAIN ENTRY--PERSONAL NAME |
| Personal name |
Sejima, Kazuyo, |
| Dates associated with a name |
1956- |
| 9 (RLIN) |
8551 |
| 245 10 - TITLE STATEMENT |
| Title |
Kazuyo Sejima, Ryue Nishizawa, 2006-2011 / |
| Statement of responsibility, etc. |
edited by Yukio Futagawa ; essay by Ryue Nishizawa. |
| 246 18 - VARYING FORM OF TITLE |
| Title proper/short title |
Kazuyo Sejima + Ryue Nishizawa 2006-2011 |
| 260 ## - PUBLICATION, DISTRIBUTION, ETC. |
| Place of publication, distribution, etc. |
Tokyo : |
| Name of publisher, distributor, etc. |
A.D.A. Edita, |
| Date of publication, distribution, etc. |
c2011. |
| 300 ## - PHYSICAL DESCRIPTION |
| Extent |
239 p. : |
| Other physical details |
ill. (some col.) ; |
| Dimensions |
30 x 31 cm. |
| 490 1# - SERIES STATEMENT |
| Series statement |
GA architect ; |
| Volume/sequential designation |
20 |
| 546 ## - LANGUAGE NOTE |
| Language note |
Text in English and Japanese. |
| 600 10 - SUBJECT ADDED ENTRY--PERSONAL NAME |
| Personal name |
Sejima, Kazuyo, |
| Dates associated with a name |
1956- |
| 9 (RLIN) |
8552 |
| 600 10 - SUBJECT ADDED ENTRY--PERSONAL NAME |
| Personal name |
Nishizawa, Ryūe, |
| Dates associated with a name |
1966- |
| 9 (RLIN) |
8553 |
| 650 #0 - SUBJECT ADDED ENTRY--TOPICAL TERM |
| Topical term or geographic name entry element |
Architecture |
| Geographic subdivision |
Japan |
| General subdivision |
History |
| Chronological subdivision |
21st century. |
| 9 (RLIN) |
8554 |
| 650 #0 - SUBJECT ADDED ENTRY--TOPICAL TERM |
| Topical term or geographic name entry element |
Architects |
| Geographic subdivision |
Japan. |
| 9 (RLIN) |
8555 |
| 700 1# - ADDED ENTRY--PERSONAL NAME |
| Personal name |
Futagawa, Yukio, |
| Dates associated with a name |
1932-2013. |
| 9 (RLIN) |
8556 |
| 700 1# - ADDED ENTRY--PERSONAL NAME |
| Personal name |
Nishizawa, Ryūe, |
| Dates associated with a name |
1966- |
| 9 (RLIN) |
8557 |
| 830 #0 - SERIES ADDED ENTRY--UNIFORM TITLE |
| Uniform title |
GA architect ; |
| Volume/sequential designation |
20. |
| 9 (RLIN) |
8558 |
| 942 ## - ADDED ENTRY ELEMENTS (KOHA) |
| Source of classification or shelving scheme |
|
| Koha item type |
Reference |
| 948 0# - LOCAL PROCESSING INFORMATION (OCLC); SERIES PART DESIGNATOR (RLIN) |
| Series part designator, SPT (RLIN) |
20110324 |
| b (OCLC) |
x |
| c (OCLC) |
jeb52 |
| d (OCLC) |
MPS |